000 00627nam a2200193 i 4500
001 151601
003 ES-MaACL
005 20230906204302.0
008 191125s1966 sp |||| | spa d
110 2 _aFundación FOESSA.
_94303
245 1 0 _aInforme sociológico sobre la situación social de España /
_cFundación FOESSA.
260 _aMadrid :
_bEuramérica,
_c1966.
300 _a361 p. ;
_c28 cm +
_e5 h.
490 1 _aColección Foessa ;
_v1
651 _aEspaña-
_xSituación social-
_y1939-1975.
_9163951
830 0 _aColección Foessa ;
_v1
_9187658
852 _aES-MaACL
_jP-1086-1
999 _c151601
_d151601